| 000 -LEADER |
| fixed length control field |
00780cam a2200217 a 4500 |
| 003 - CONTROL NUMBER IDENTIFIER |
| control field |
OSt |
| 005 - DATE AND TIME OF LATEST TRANSACTION |
| control field |
20200312074405.0 |
| 008 - FIXED-LENGTH DATA ELEMENTS--GENERAL INFORMATION |
| fixed length control field |
090529s2009 nyua 000 0 eng |
| 020 ## - INTERNATIONAL STANDARD BOOK NUMBER |
| International Standard Book Number |
9781580932240 |
| 082 00 - DEWEY DECIMAL CLASSIFICATION NUMBER |
| Classification number |
720.922 |
| Edition number |
22 |
| Item number |
SKI |
| 110 2# - MAIN ENTRY--CORPORATE NAME |
| Corporate name or jurisdiction name as entry element |
Skidmore, Owings & Merrill. |
| 245 10 - TITLE STATEMENT |
| Title |
Architecture of Skidmore, Owings & Merrill, 1997-2008 / |
| Statement of responsibility, etc |
introduction by Kenneth Frampton. |
| 246 3# - VARYING FORM OF TITLE |
| Title proper/short title |
SOM : |
| Remainder of title |
architecture of Skidmore, Owings & Merrill, 1997-2008 |
| 250 ## - EDITION STATEMENT |
| Edition statement |
1st ed. |
| 260 ## - PUBLICATION, DISTRIBUTION, ETC. (IMPRINT) |
| Place of publication, distribution, etc |
New York : |
| Name of publisher, distributor, etc |
Monacelli Press, |
| Date of publication, distribution, etc |
c2009. |
| 300 ## - PHYSICAL DESCRIPTION |
| Extent |
264 p. : |
| Other physical details |
chiefly ill. (some col.) ; |
| Dimensions |
29 cm. |
| 610 20 - SUBJECT ADDED ENTRY--CORPORATE NAME |
| Corporate name or jurisdiction name as entry element |
Skidmore, Owings & Merrill. |
| 650 #0 - SUBJECT ADDED ENTRY--TOPICAL TERM |
| Topical term or geographic name as entry element |
Architecture |
| Geographic subdivision |
United States |
| General subdivision |
History |
| Chronological subdivision |
20th century. |
| 650 #0 - SUBJECT ADDED ENTRY--TOPICAL TERM |
| Topical term or geographic name as entry element |
Architecture |
| Geographic subdivision |
United States |
| General subdivision |
History |
| Chronological subdivision |
21st century. |
| 942 ## - ADDED ENTRY ELEMENTS (KOHA) |
| Source of classification or shelving scheme |
|